02837nab a2200529uuc4500001000800000005001700008008004100025035001200066040001300078041000800091100002700099245007800126505105100204650002001255650003501275650002001310650003301330650003901363650002701402650002901429650002101458650005101479650002201530650002201552650002301574650002301597650002201620650002001642650003101662650002801693650005701721650002201778650002401800650002601824650003301850650002701883700002901910700003101939700002901970700002801999700002902027700003102056700003102087700003002118700002902148773013002177134335320240307090018.0130917m01uu2013 spa  a1343353 ccomduadb aspa10aDemaret, Luc4auteaut10aEnfrentar el desafío del trabajo precario: la agenda sindical (Dossier) aCONTENIDO: Artículos del dossier: Crear derechos para los trabajadores en puestos de empleo "desechables" / Peter Rossman (pp. 25-46). -- La tendencia a la precarización del trabajo y sus consecuencias para la acción sindical / Jenny Holdcroft (pp. 47-66). -- Respuestas sindicales al trabajo precario en siete países europeos / Maarten Keune (pp. 67-87). -- La negociación de paridad para los trabajadores precarios / Susan Hayter; Minawa Ebisui (pp. 89-110). -- Fortalecimiento de los derechos de negociación colectiva: de los trabajadores precarios conforme al derecho laboral de los Estados Unidos / Owen Hernstadt (pp. 111-131). -- Los trabajadores precarios y el ejercicio de la libertad sindical y la negociación colectiva: una mirada a la jurisprudencia reciente de la OIT / Beatriz Vacotto (pp. 133-149). -- Los trabajadores precarios y el acceso a la negociación colectiva: ¿existen obstáculos legales? / Camilo Rubiano (pp. 151-170). -- El trabajo precario, un problema internacional / Enrique Marín (pp. 171-187). aTrabajo y salud 7aEmpresas internacionales2lemb aEmpleo temporal aEmpresas de trabajo temporal 7aDerechos de los trabajadores2lemb 7aEmpleo precario2embne aNegociaciones colectivas aDerecho sindical aOIT (Organización Internacional del Trabajo) aMujeres y trabajo aEmpleo - Alemania aEmpleo - Dinamarca aEmpleo - Eslovenia aEmpleo - España aEmpleo - Italia aIgualdad de remuneración 7aDiálogo social2embne aNegociaciones colectivas de trabajo - Estados Unidos aLibertad sindical aConvenios de la OIT aLegislación laboral 7aPaíses desarrollados2lemb aPaíses en desarrollo10aRossman, Peter4auteaut10aHoldcroft, Jenny4auteaut10aKeune, Maarten4auteaut10aHayter, Susan4auteaut10aEbisui, Minawa4auteaut10aHerrnstadt, Owen4auteaut10aVacotto, Beatriz4auteaut10aRubiano, Camilo4auteaut10aMarin, Enrique4auteaut0 tBoletín Internacional de Investigación Sindical (Ginebra)gVol. 05, No. 01, Ene. 2013, 25-187w1277244x2076-98650607185